Vplyv doplnkových služieb na ekonomiku hotela

Doplnkové služby v hoteli a ich ceny. Doplnkové služby umožňujú účastníkom cestovného ruchu užiť svoj voľný čas tak, aby využili všetky existujúce možnosti hotela a jeho rekreačného zázemia. Tvorba cien doplnkových služieb a ich vplyv na ekonomiku hotelov.

Gespeichert in:
Bibliographische Detailangaben
1. Verfasser: Kotešová, Janka
Format: Buchkapitel
Sprache:Slowakisch
Schlagworte:
Tags: Tag hinzufügen
Keine Tags, Fügen Sie das erste Tag hinzu!

MARC

LEADER 00000naa a2200000 4500
001 r034852
005 20230724104816.9
041 0 |a slo 
044 |a SK 
245 1 0 |a Vplyv doplnkových služieb na ekonomiku hotela  |c Janka Kotešová 
520 |a Doplnkové služby v hoteli a ich ceny. Doplnkové služby umožňujú účastníkom cestovného ruchu užiť svoj voľný čas tak, aby využili všetky existujúce možnosti hotela a jeho rekreačného zázemia. Tvorba cien doplnkových služieb a ich vplyv na ekonomiku hotelov. 
610 2 0 |a hotely 
610 2 0 |a služby doplnkové 
610 2 0 |a ceny 
610 2 0 |a ruch cestovný 
610 2 0 |a podnik ruchu cestovného 
610 2 0 |a zariadenia ubytovacie 
610 2 0 |a ukazovatele ekonomické 
100 1 |a Kotešová, Janka